| 000 | 00690nam a22002297a 4500 | ||
|---|---|---|---|
| 999 |
_c4149 _d4149 |
||
| 001 | 4317 | ||
| 003 | BD-DhUAP | ||
| 005 | 20201125105742.0 | ||
| 008 | 201102s1991 ohua 000 0 eng | ||
| 020 | _a0675055423 | ||
| 040 |
_aDLC _cDLC _dBD-DhUAP |
||
| 082 | 0 | 0 |
_a512 MER _223 |
| 110 | _aMerrill Publishing Company. | ||
| 245 | 1 | 0 |
_aMerrill integrated mathematics : _bcourse 1. |
| 260 |
_aOhio : _bMerrill Publishing Co., _cc1991. |
||
| 300 |
_a320 pages : _billustrations ; _c27 cm. |
||
| 490 | _aTeacher Resource Book. | ||
| 650 |
_aAlgebr _xStudy and teaching. |
||
| 650 |
_aGeometry _xStudy and teaching. |
||
| 650 |
_aMathematics _xStudy and teaching (Secondary). |
||
| 942 |
_2ddc _cBK |
||